00854nam a2200241Ia 450000500170000000800410001702000150005808200150007310000190008824500830010725000190019030000430020965000480025265000440030065000440034465000350038870000340042326400320045733600270048933700330051633800280054904000350057720220317000713.0160601s2004 ck a g 000 0 spa  a958972761104a334 bC13s1 aCaicedo, Jairo13aEl servicio cooperativo cTextos Jairo Caicedo ; ilustraciones Martha Suárez a1a. edición  a104 páginas bilustraciones c22 cm 142LEMBaCooperativas xObjetivos y funciones 142LEMBaAdministración de cooperativas 142LEMBaCooperativas xAspectos sociales 142LEMBaCooperativas zColombia 1 aSuárez, Marthaeilustrador  a[Bogotá] bASCOOPc[2004] atextobtxt2rdacontent asin mediaciónbn2rdamedia avolumenbnc2rdacarrier aCO-BoRNBPbspaerdacCO-BoRNBP